[Event "Superettan(Rockaden,Umea-Kristallen)"]
[Site "?"]
[Date "2019.10.19"]
[Round "2"]
[White "Lindh, Fredrik"]
[Black "Lindgren, Fredrik"]
[Result "0-1"]
[WhiteElo "2259"]
[BlackElo "2262"]
[PlyCount "178"]
1. e4 c5 2. Nf3 Nc6 3. d4 cxd4 4. Nxd4 Nf6 5. Nc3 e6 6. Ndb5 Bc5 7. Bf4 e5 8.
Be3 d6 9. Bxc5 dxc5 10. Qxd8+ Kxd8 11. Bc4 Ke7 12. Nc7 Rb8 13. O-O-O Rd8 14.
Rxd8 Kxd8 15. N7d5 Be6 16. Rd1 Nd4 17. Nxf6 Bxc4 18. Ng4 f6 19. Ne3 Be6 20. Na4
Rc8 21. b3 b5 22. Nb2 Ke8 23. c3 Nc6 24. Nd3 Na5 25. Kb2 c4 26. Nb4 cxb3 27.
Rd6 Bf7 28. Ra6 Nb7 29. Rxa7 Nc5 30. axb3 Nxe4 31. f3 Nxc3 32. Nf5 Nd1+ 33. Ka3
Rd8 34. Nc6 Rd5 35. Nfe7 Rd6 36. Ra8+ Kd7 37. Ra7+ Ke6 38. Nb4 Rd7 39. Rxd7
Kxd7 40. Nec6 Kd6 41. Na7 Kc5 42. Nd3+ Kd4 43. Nb4 Be8 44. Nc8 Bd7 45. Nb6 Be6
46. Na8 Ne3 47. Nc7 Bd7 48. g3 f5 49. Kb2 e4 50. fxe4 fxe4 51. Nc2+ Nxc2 52.
Kxc2 e3 53. b4 Kc4 54. Kd1 Bg4+ 55. Ke1 g6 56. Na6 h5 57. h4 Bf3 58. Kf1 Kc3
59. Ke1 Bg4 60. Nc7 Kxb4 61. Nd5+ Kb3 62. Nxe3 Kc3 63. Nd5+ Kd4 64. Ne7 b4 65.
Kd2 b3 66. Nc6+ Ke4 67. Kc3 Be6 68. Ne7 Bf7 69. Nc6 Kf5 70. Kb2 Ke4 71. Kc3 Be8
72. Ne7 Kf3 73. Kxb3 Kxg3 74. Kc3 Kxh4 75. Kd2 Kg3 76. Ke1 Kg2 77. Nd5 g5 78.
Ne3+ Kg1 79. Ke2 g4 80. Nf5 Bc6 81. Ke3 Bd7 82. Nh4 Kh2 83. Kf4 Kh3 84. Kg5 Be8
85. Nf5 g3 86. Nh4 g2 87. Nf3 Kg3 88. Ng1 Kf2 89. Nh3+ Kf1 0-1

[Event "Superettan(Schack 08-Upsala)"]
[Site "?"]
[Date "2019.10.19"]
[Round "2"]
[White "Laveryd, Peter"]
[Black "Nilsson, Joakim"]
[Result "1-0"]
[WhiteElo "2367"]
[BlackElo "2305"]
[PlyCount "69"]
1. e4 c5 2. Nc3 Nc6 3. f4 g6 4. Nf3 Bg7 5. Bc4 e6 6. f5 Nge7 7. fxe6 dxe6 8. d3
O-O 9. a3 Nd4 10. Nxd4 cxd4 11. Ne2 Nc6 12. O-O Ne5 13. Bb3 a5 14. Nf4 a4 15.
Ba2 Ra6 16. Nh3 Rc6 17. Bg5 f6 18. Bd2 Qc7 19. Nf4 Re8 20. Rf2 b6 21. c3 f5 22.
exf5 gxf5 23. h3 Ng6 24. Nh5 dxc3 25. bxc3 Kh8 26. Qxa4 Bb7 27. d4 Rf8 28. Re1
f4 29. Bxe6 f3 30. d5 Rxc3 31. Nxg7 Rc4 32. Qb3 Rc2 33. Nh5 Qc5 34. Qb4 Rxd2
35. Qxc5 1-0

[Event "Superettan(Rockaden,Umea-Kristallen)"]
[Site "?"]
[Date "2019.10.19"]
[Round "2"]
[White "Wickstrom, Lucas"]
[Black "Subramanian, Aditya"]
[Result "1-0"]
[WhiteElo "2337"]
[BlackElo "2179"]
[PlyCount "105"]
1. d4 d5 2. c4 e6 3. Nc3 a6 4. cxd5 exd5 5. Nf3 c6 6. Qc2 Bd6 7. Bg5 Ne7 8. e3
f6 9. Bh4 Bf5 10. Qb3 b5 11. Bg3 O-O 12. Nh4 Re8 13. Nxd5 Be6 14. Bxd6 Nxd5 15.
Qa3 a5 16. Bg3 Nb4 17. Bd3 c5 18. Rd1 cxd4 19. O-O Qb6 20. Be4 N8c6 21. exd4
Rad8 22. Qf3 Bd5 23. Bxd5+ Rxd5 24. a3 Nxd4 25. Rxd4 Qxd4 26. axb4 axb4 27. Nf5
Qe4 28. Qxe4 Rxe4 29. Ne3 Rd2 30. Rb1 f5 31. Bc7 f4 32. Nf1 Rc2 33. Bb6 b3 34.
g3 Kf7 35. Kg2 Ree2 36. Bd4 Re4 37. Rd1 Rc4 38. Bb6 Re6 39. Ba5 Re2 40. Nd2 Ra4
41. Bc3 fxg3 42. hxg3 b4 43. Bd4 Ra5 44. Nxb3 Rd5 45. Rc1 Re7 46. Rc4 Rb5 47.
Be3 Reb7 48. Nd4 Rd5 49. Nc6 b3 50. Nd4 Ra5 51. Bd2 Rd5 52. Bc3 g5 53. Rc6 1-0

[Event "Superettan(Schack 08-Upsala)"]
[Site "?"]
[Date "2019.10.19"]
[Round "2"]
[White "Burwick, Malte"]
[Black "Karlsson, Tomas"]
[Result "1/2-1/2"]
[WhiteElo "2256"]
[BlackElo "2303"]
[PlyCount "33"]
1. c4 e6 2. Nf3 d5 3. g3 Nf6 4. Bg2 Be7 5. b3 O-O 6. Bb2 c5 7. cxd5 Nxd5 8. O-O
Nc6 9. Nc3 b6 10. Nxd5 exd5 11. d4 Be6 12. Qd2 a5 13. Rfd1 a4 14. Bc3 axb3 15.
axb3 Rxa1 16. Rxa1 Qc7 17. Qb2 1/2-1/2

[Event "Superettan(Rockaden,Umea-Kristallen)"]
[Site "?"]
[Date "2019.10.19"]
[Round "2"]
[White "Walinder, Lars"]
[Black "Malmstig, Erik"]
[Result "1/2-1/2"]
[WhiteElo "2293"]
[BlackElo "2257"]
[PlyCount "92"]
1. c4 e5 2. Nc3 Nc6 3. e3 f5 4. d4 d6 5. Nf3 Be7 6. b4 Bf6 7. b5 Nce7 8. dxe5
dxe5 9. Qxd8+ Kxd8 10. Bb2 Nh6 11. Be2 Be6 12. O-O Nf7 13. Rfd1+ Ke8 14. Rac1
Rd8 15. Nd5 Bxd5 16. cxd5 Rd7 17. Bc4 e4 18. Bxf6 exf3 19. Bxe7 Kxe7 20. gxf3
Nd6 21. Be2 g5 22. Rd4 Kd8 23. Bd3 Re8 24. Ra4 Re5 25. e4 fxe4 26. fxe4 Nc8 27.
f3 Rf7 28. Kg2 Rf4 29. Kg3 Rxd5 30. Bf1 Rd2 31. Rac4 h5 32. h4 Rxh4 33. Rxc7
Nd6 34. Rg7 Rh1 35. Rxg5 h4+ 36. Kf4 Rf2 37. Rd1 Rhxf1 38. Rxd6+ Kc7 39. Ke5
Rxf3 40. Rg7+ Rf7 41. Rxf7+ Rxf7 42. Rh6 Rf2 43. Rxh4 Rxa2 44. Kd5 Ra5 45. Kc4
a6 46. Rh7+ Kd6 1/2-1/2

[Event "Superettan(Schack 08-Upsala)"]
[Site "?"]
[Date "2019.10.19"]
[Round "2"]
[White "Schutz, Ingemar"]
[Black "Malm Lindberg, Henrik"]
[Result "0-1"]
[WhiteElo "2201"]
[BlackElo "2194"]
[PlyCount "90"]
1. e4 c5 2. Nf3 e6 3. d4 cxd4 4. Nxd4 Nf6 5. Nc3 d6 6. Bc4 Be7 7. f4 O-O 8. Bb3
Na6 9. Be3 Nc5 10. Qf3 a5 11. O-O-O a4 12. Bc4 a3 13. b3 Qa5 14. Bd2 Qb6 15.
Rhe1 Bd7 16. e5 Ne8 17. Re3 Rc8 18. Nf5 exf5 19. Nd5 Qd8 20. Qh5 Ne4 21. Ba5
Nc7 22. g4 Nxd5 23. Bxd8 Nxe3 24. Bxe7 Nxc4 25. Bxf8 Ne3 26. Rd2 Rxf8 27. Rd3
Nxg4 28. Qh4 Be6 29. exd6 Ngf6 30. Qe1 Nd5 31. c4 Nxf4 32. Rd4 g5 33. Rxe4 Nd3+
34. Kd2 Nxe1 35. Rxe1 Rd8 36. c5 b6 37. b4 Kg7 38. Kc3 Kf6 39. Kd4 f4 40. Rc1
bxc5+ 41. bxc5 f3 42. Ke3 g4 43. Kf4 h5 44. c6 Rxd6 45. c7 Bc8 0-1

[Event "Superettan(Rockaden,Umea-Kristallen)"]
[Site "?"]
[Date "2019.10.19"]
[Round "2"]
[White "Nygren, David"]
[Black "Andersson, Goran L"]
[Result "0-1"]
[WhiteElo "2278"]
[BlackElo "2275"]
[PlyCount "82"]
1. e4 e5 2. Bc4 Nf6 3. d4 exd4 4. Nf3 d5 5. exd5 Bb4+ 6. c3 Qe7+ 7. Be2 dxc3 8.
Nxc3 O-O 9. O-O Rd8 10. Bg5 h6 11. Bxf6 Qxf6 12. Qb3 Bxc3 13. bxc3 Nd7 14. Rfe1
Nc5 15. Qa3 b6 16. Rad1 Bb7 17. c4 c6 18. dxc6 Qxc6 19. Bf1 Qf6 20. Rxd8+ Rxd8
21. Ne5 Rd2 22. Ng4 Qf4 23. Re8+ Kh7 24. Qe3 Qxe3 25. Nxe3 Rxa2 26. h4 h5 27.
Re7 Kg6 28. Re5 f6 29. Re7 Rd2 30. f4 f5 31. g3 Kf6 32. Re8 g6 33. Rf8+ Ke7 34.
Rh8 a5 35. Rh7+ Ke6 36. Bh3 a4 37. Rh6 Kf7 38. Nf1 Re2 39. Bxf5 gxf5 40. Rxb6
a3 41. Rb5 a2 0-1

[Event "Superettan(Schack 08-Kungstornet)"]
[Site "?"]
[Date "2019.10.18"]
[Round "1"]
[White "Glimbrant, Torbjorn"]
[Black "Wikstrom, Per"]
[Result "1/2-1/2"]
[WhiteElo "2225"]
[BlackElo "2157"]
[PlyCount "56"]
1. Nf3 d5 2. e3 Nf6 3. c4 c6 4. d4 e6 5. b3 Nbd7 6. Bd3 Bd6 7. Bb2 Qe7 8. O-O
e5 9. dxe5 Nxe5 10. Nxe5 Bxe5 11. Bxe5 Qxe5 12. Nd2 O-O 13. Qc2 h6 14. Rae1 Be6
15. Nf3 Qc7 16. c5 Rae8 17. b4 Bd7 18. a4 Ne4 19. Nd4 Re5 20. Rc1 Rfe8 21. b5
Nf6 22. Rfe1 Ng4 23. Nf3 Rh5 24. h3 Ne5 25. Nxe5 Rhxe5 26. Qd2 Qc8 27. Bf1 Qd8
28. bxc6 Bxc6 1/2-1/2

[Event "Superettan(Kristallen-Kamraterna)"]
[Site "?"]
[Date "2019.10.18"]
[Round "1"]
[White "Madebrink, Lars"]
[Black "Hesselborn, Per Ove"]
[Result "1-0"]
[WhiteElo "2175"]
[BlackElo "2133"]
[PlyCount "83"]
1. d4 g6 2. c4 Bg7 3. Nc3 d6 4. Bg5 c5 5. d5 h6 6. Bd2 Nf6 7. e4 e5 8. Bd3 O-O
9. Nge2 Na6 10. O-O Nc7 11. f4 exf4 12. Bxf4 Ng4 13. Qd2 Kh7 14. b3 Ne5 15.
Rae1 Bd7 16. Nb5 Ne8 17. a4 a6 18. Nbc3 Rb8 19. Rb1 Qa5 20. Rfc1 Qb4 21. Qd1
Nc7 22. Na2 Qb6 23. h3 Qa7 24. Be3 b5 25. cxb5 axb5 26. b4 Qxa4 27. bxc5 Qxd1+
28. Rxd1 Nxd3 29. Rxd3 f5 30. c6 fxe4 31. Rd2 Bc8 32. Nb4 Ra8 33. Bd4 Bf5 34.
Rb3 g5 35. Bxg7 Kxg7 36. Nd4 Bh7 37. Ne6+ Nxe6 38. dxe6 Kf6 39. Nd5+ Ke5 40. e7
Rfe8 41. Rxb5 Ke6 42. Nc7+ 1-0

[Event "Superettan(Upsala-Rockaden,Sthlm II)"]
[Site "?"]
[Date "2019.10.18"]
[Round "1"]
[White "Eriksson, Dan"]
[Black "Sittenfeld, Johan"]
[Result "1-0"]
[WhiteElo "2202"]
[BlackElo "2153"]
[PlyCount "113"]
1. e4 e5 2. Nf3 Nc6 3. d4 exd4 4. Nxd4 Nf6 5. Nxc6 bxc6 6. e5 Qe7 7. Qe2 Nd5 8.
c4 Nb6 9. b3 a5 10. a4 Qe6 11. g3 Bb4+ 12. Bd2 Bxd2+ 13. Nxd2 O-O 14. f4 d5 15.
Rc1 Ba6 16. Qh5 g6 17. Qh6 f6 18. Bh3 f5 19. c5 Nd7 20. Nf3 d4 21. Ng5 Qe7 22.
Kf2 Rab8 23. Rhd1 Rb4 24. Bg2 Nf6 25. Bf3 Nd5 26. h4 Re8 27. h5 Qg7 28. Qxg7+
Kxg7 29. h6+ Kg8 30. Bxd5+ cxd5 31. c6 d3 32. Rc5 Rxb3 33. Rxd5 Rb2+ 34. Kf3
Rh2 35. Rxa5 Bc4 36. Rc5 Ba6 37. Rd5 Rxh6 38. Rd7 Rh2 39. Rxc7 d2 40. Ke3 Re2+
41. Kd4 Rb8 42. Rd7 h6 43. c7 Rb4+ 44. Kc5 Rxa4 45. R1xd2 Rxd2 46. Rd8+ Kg7 47.
Ne6+ Kf7 48. Rxd2 Rc4+ 49. Kd6 Bc8 50. Nc5 Rc1 51. Kc6 g5 52. Rd8 Be6 53. c8=Q
Bxc8 54. Rxc8 gxf4 55. gxf4 Rc4 56. Rc7+ Ke8 57. Kd6 1-0

[Event "Superettan(Schack 08-Kungstornet)"]
[Site "?"]
[Date "2019.10.18"]
[Round "1"]
[White "Ottenklev, Niclas"]
[Black "Aronsson, Marten"]
[Result "1/2-1/2"]
[WhiteElo "2193"]
[BlackElo "2209"]
[PlyCount "93"]
1. e4 e5 2. Nf3 Nc6 3. c3 d5 4. Qa4 Qd6 5. Bb5 Bd7 6. exd5 Qxd5 7. O-O O-O-O 8.
d4 e4 9. Ng5 a6 10. Bc4 Qf5 11. Qc2 Na5 12. Be2 Re8 13. b4 h6 14. Nxe4 Qxe4 15.
Qxe4 Rxe4 16. Bd3 Rh4 17. bxa5 Bd6 18. g3 Rh5 19. Bd2 Rxa5 20. c4 Rh5 21. Nc3
Bb4 22. a3 Bxc3 23. Bxc3 Nf6 24. f3 b5 25. Rac1 Re8 26. Bd2 bxc4 27. Bxc4 Bb5
28. Bxf7 Re2 29. Bxh5 Rxd2 30. Bg6 Bxf1 31. Kxf1 Rxd4 32. Ke2 Kd7 33. Rc3 Kd6
34. Rd3 Rxd3 35. Kxd3 Kc5 36. Bf7 a5 37. h4 g5 38. hxg5 hxg5 39. f4 gxf4 40.
gxf4 c6 41. Bb3 Kd6 42. Kd4 Nh5 43. Ke4 Ng3+ 44. Kf3 Nf5 45. Ke4 Ng3+ 46. Kf3
Nf5 47. Ke4 1/2-1/2

[Event "Superettan(Kristallen-Kamraterna)"]
[Site "?"]
[Date "2019.10.18"]
[Round "1"]
[White "Naslund, Mikael"]
[Black "Svenn, Matti"]
[Result "1-0"]
[WhiteElo "2164"]
[BlackElo "2187"]
[PlyCount "73"]
1. d4 Nf6 2. c4 e6 3. Nf3 Bb4+ 4. Bd2 c5 5. Bxb4 cxb4 6. a3 Qe7 7. e3 O-O 8.
Be2 b6 9. O-O Bb7 10. Nbd2 Nc6 11. e4 d5 12. e5 Ne4 13. cxd5 exd5 14. Bd3 bxa3
15. Rxa3 Nb4 16. Bb1 a5 17. Re1 f5 18. exf6 Qxf6 19. Nxe4 dxe4 20. Bxe4 Bxe4
21. Rxe4 Rad8 22. Qe2 h6 23. g3 Nd5 24. Ne5 Qd6 25. Rf3 Rc8 26. Rxf8+ Qxf8 27.
Kg2 Qd6 28. Qh5 Rf8 29. Qg6 Rf6 30. Qe8+ Rf8 31. Qg6 Rf6 32. Qe8+ Rf8 33. Qc6
Rd8 34. Qb7 Nf6 35. Qf7+ Kh8 36. Rh4 Qd5+ 37. f3 1-0

[Event "Superettan(Upsala-Rockaden,Sthlm II)"]
[Site "?"]
[Date "2019.10.18"]
[Round "1"]
[White "Marttala, Thomas"]
[Black "Crevatin, Leo"]
[Result "1/2-1/2"]
[WhiteElo "2113"]
[BlackElo "2235"]
[PlyCount "65"]
1. e4 c5 2. Nf3 Nc6 3. Bb5 d6 4. O-O Bd7 5. c4 Nf6 6. Nc3 a6 7. Ba4 e5 8. d3 h6
9. Ne1 Be7 10. f4 exf4 11. Bxf4 O-O 12. Nf3 Re8 13. Qd2 Bf8 14. Rae1 Rc8 15.
Nd5 Nxd5 16. exd5 Ne7 17. Bxd7 Qxd7 18. Bg3 g6 19. b3 Bg7 20. Bf2 b5 21. Re2
Nf5 22. Rfe1 h5 23. Re4 bxc4 24. dxc4 Rxe4 25. Rxe4 Re8 26. Qe2 Rxe4 27. Qxe4
a5 28. a4 Bc3 29. h3 Kg7 30. Qd3 Bb4 31. Qe4 Bc3 32. Qd3 Bb4 33. Qe4 1/2-1/2

[Event "Superettan(Schack 08-Kungstornet)"]
[Site "?"]
[Date "2019.10.18"]
[Round "1"]
[White "Henriksson, Johan"]
[Black "Schutz, Ingemar"]
[Result "1-0"]
[WhiteElo "2264"]
[BlackElo "2201"]
[PlyCount "233"]
1. d4 Nf6 2. c4 g6 3. g3 Bg7 4. Bg2 O-O 5. Nf3 d6 6. O-O Nc6 7. b3 e5 8. dxe5
Nxe5 9. Bb2 Nxf3+ 10. Bxf3 Bh3 11. Re1 c6 12. Qd2 Qe7 13. Nc3 Rad8 14. Rad1
Rfe8 15. Qd4 a6 16. Rd3 Ng4 17. Nd5 Qe5 18. Nf4 Qxd4 19. Bxd4 Bxd4 20. Rxd4 Ne5
21. Red1 Nxf3+ 22. exf3 Bc8 23. Rxd6 Rxd6 24. Rxd6 Bf5 25. g4 Bb1 26. Rd2 Re1+
27. Kg2 Rc1 28. Ne2 Rc2 29. Rxc2 Bxc2 30. f4 f5 31. g5 Kf7 32. Nc3 b5 33. cxb5
axb5 34. b4 Ke6 35. a3 Kd6 36. Kf3 Bb3 37. Ke3 Bc4 38. Kd4 Bb3 39. Ne2 Bd1 40.
Nc1 Bf3 41. Nd3 Bd5 42. Ne1 Bb3 43. Ng2 Bd5 44. Ne3 Be6 45. h4 Bd7 46. Nf1 Be6
47. Ng3 Bd7 48. h5 Be6 49. hxg6 hxg6 50. Ne2 Bd5 51. Nc1 Be4 52. Nb3 Bg2 53.
Nc5 Bf1 54. a4 bxa4 55. Nxa4 Bb5 56. Nc3 Bf1 57. Nb1 Bb5 58. Na3 Bf1 59. Nc2
Bb5 60. Ne1 Be2 61. Ke3 Bb5 62. Kd4 Be2 63. Ng2 Bf3 64. Nh4 Bh5 65. f3 Ke6 66.
Kc5 Kd7 67. b5 cxb5 68. Kxb5 Kd6 69. Kc4 Kc6 70. Kd4 Kd6 71. Ke3 Kc5 72. Ng2
Kc4 73. Kf2 Kd3 74. Ne3 Kd4 75. Nf1 Kd5 76. Ng3 Ke6 77. Ke3 Kd5 78. Ne2 Kc4 79.
Nc1 Kc3 80. Nd3 Bxf3 81. Ne5 Bh5 82. Nd7 Kc4 83. Nf6 Bd1 84. Nd7 Bh5 85. Ne5+
Kc5 86. Nd7+ Kd6 87. Nf6 Bd1 88. Kd4 Bb3 89. Ne8+ Ke7 90. Nc7 Kd6 91. Nb5+ Kc6
92. Na7+ Kd6 93. Nc8+ Kd7 94. Na7 Kd6 95. Nb5+ Kc6 96. Nc3 Kd6 97. Ne2 Bd5 98.
Nc1 Be4 99. Nb3 Bg2 100. Nd2 Bd5 101. Nf1 Be6 102. Ne3 Bf7 103. Ng2 Bd5 104.
Nh4 Bf7 105. Nf3 Be8 106. Ne5 Ke6 107. Kc5 Ke7 108. Kd5 Kf8 109. Ke6 Kg7 110.
Ke7 Ba4 111. Nd7 Bc6 112. Nf6 Ba4 113. Ne8+ Kg8 114. Nc7 Bb3 115. Kf6 Bf7 116.
Nb5 Bb3 117. Kxg6 1-0

[Event "Superettan(Kristallen-Kamraterna)"]
[Site "?"]
[Date "2019.10.18"]
[Round "1"]
[White "Borvander, Tom"]
[Black "Ostling, Hakan"]
[Result "0-1"]
[WhiteElo "2096"]
[BlackElo "2143"]
[PlyCount "108"]
1. d4 f5 2. g3 Nf6 3. Bg2 g6 4. c4 Bg7 5. Nc3 O-O 6. Nf3 d6 7. O-O Qe8 8. Nd5
Nxd5 9. cxd5 Nd7 10. a4 h6 11. Ra3 Nb6 12. Ne1 Qf7 13. Rc3 Nxd5 14. Bxd5 Qxd5
15. Rxc7 f4 16. Nf3 Bh3 17. Re1 Rf7 18. Qd3 g5 19. Qc4 Qe4 20. d5 Qf5 21. Qc2
Qxd5 22. Rd1 Qe6 23. Qc4 Qxc4 24. Rxc4 Raf8 25. gxf4 gxf4 26. Rc7 Kh7 27. Kh1
Bc8 28. Ne1 Be5 29. Nf3 Bh8 30. Rg1 e5 31. Rxf7+ Rxf7 32. Rd1 e4 33. Nd4 a6 34.
f3 e3 35. b3 Be5 36. Bb2 Rc7 37. h4 Kg6 38. Ba1 Kh5 39. b4 Kxh4 40. b5 Rc4 41.
bxa6 bxa6 42. a5 Kh3 43. Nb3 Bxa1 44. Rxa1 Rc2 45. Re1 Bb7 46. Nc1 Rd2 47. Kg1
Bd5 48. Nd3 Rxd3 49. exd3 Bxf3 50. Kf1 Kg3 51. Rb1 Bg4 52. d4 f3 53. Rb3 Kf4
54. d5 Bh3+ 0-1

[Event "Superettan(Upsala-Rockaden,Sthlm II)"]
[Site "?"]
[Date "2019.10.18"]
[Round "1"]
[White "Alarik, Martin"]
[Black "Dolata, Henryk"]
[Result "1/2-1/2"]
[WhiteElo "2064"]
[BlackElo "2068"]
[PlyCount "70"]
1. d4 e6 2. Nf3 d5 3. c4 Nf6 4. g3 Be7 5. Bg2 O-O 6. O-O dxc4 7. Ne5 Nc6 8.
Nxc6 bxc6 9. Na3 Bxa3 10. bxa3 Rb8 11. Qa4 Qxd4 12. Be3 Qe5 13. Qxc4 Qa5 14.
Qc5 Rb5 15. Qxa7 Qxa7 16. Bxa7 Bd7 17. Rfc1 Ra8 18. Bc5 h6 19. e3 Be8 20. Bf1
Rbb8 21. Rab1 Nd7 22. Rxb8 Nxb8 23. Bg2 f6 24. f4 Bd7 25. Rb1 Bc8 26. Rd1 Bd7
27. Rd4 Kf7 28. Rb4 Bc8 29. Rd4 Bd7 30. Rd2 Ke8 31. Rc2 Na6 32. Bd4 Nb8 33. Bc5
Na6 34. Bd4 Nb8 35. Bc5 Na6 1/2-1/2

[Event "Superettan(Schack 08-Kungstornet)"]
[Site "?"]
[Date "2019.10.18"]
[Round "1"]
[White "Bjorkeroth, Johan"]
[Black "Engstrom, Kaj"]
[Result "1/2-1/2"]
[WhiteElo "2147"]
[BlackElo "2213"]
[PlyCount "96"]
1. e4 c5 2. Nc3 e6 3. g3 a6 4. Bg2 b5 5. d3 b4 6. Na4 Bb7 7. Ne2 Nf6 8. O-O d5
9. Bg5 Qa5 10. b3 Nbd7 11. exd5 Bxd5 12. Bxd5 Nxd5 13. Nf4 Nxf4 14. Bxf4 Be7
15. Nb2 O-O 16. Nc4 Qd8 17. Bc1 Bf6 18. Bb2 Bxb2 19. Nxb2 Ne5 20. Qe2 Qf6 21.
f3 Nxf3+ 22. Rxf3 Qxb2 23. Rff1 Rad8 24. Rfb1 Qc3 25. a3 a5 26. axb4 axb4 27.
Qg2 Rd5 28. Ra6 Rf5 29. Rf1 Rxf1+ 30. Kxf1 g6 31. Ra8 Qf6+ 32. Ke2 Qe5+ 33. Kd1
Rxa8 34. Qxa8+ Kg7 35. Qg2 Qe3 36. Qf1 g5 37. Qg2 g4 38. Qf1 Kg6 39. Qg2 Kf5
40. h3 h5 41. Qh2 Ke5 42. hxg4 hxg4 43. Qh8+ f6 44. Qd8 Qd4 45. Qc7+ Qd6 46.
Qg7 Qd4 47. Qc7+ Kd5 48. Qd7+ Ke5 1/2-1/2

[Event "Superettan(Kristallen-Kamraterna)"]
[Site "?"]
[Date "2019.10.18"]
[Round "1"]
[White "Gamback, Bjorn"]
[Black "Al Waeli, Laith"]
[Result "1/2-1/2"]
[WhiteElo "2130"]
[BlackElo "2056"]
[PlyCount "63"]
1. e4 c6 2. d4 d5 3. exd5 cxd5 4. c4 Nf6 5. cxd5 Nxd5 6. Nc3 e6 7. Nf3 Be7 8.
Bd3 Nc6 9. O-O O-O 10. Be3 Bf6 11. Ne4 Be7 12. Rc1 Ncb4 13. Bb1 Nxe3 14. fxe3
b6 15. Ne5 Bb7 16. a3 Nd5 17. Qd3 f5 18. Ng3 Bg5 19. Rce1 a5 20. Rf3 Ba6 21.
Qb3 a4 22. Qc2 Nxe3 23. Rfxe3 Bxe3+ 24. Rxe3 Qxd4 25. Qc3 Rad8 26. Ba2 f4 27.
Bxe6+ Kh8 28. Qxd4 Rxd4 29. Rf3 Rf6 30. Nf7+ Rxf7 31. Bxf7 fxg3 32. hxg3
1/2-1/2

[Event "Superettan(Upsala-Rockaden,Sthlm II)"]
[Site "?"]
[Date "2019.10.18"]
[Round "1"]
[White "Lanin, Boris"]
[Black "Nikolic, Vladan"]
[Result "0-1"]
[WhiteElo "1987"]
[BlackElo "2198"]
[PlyCount "114"]
1. e4 e5 2. Nf3 Nc6 3. Bc4 Bc5 4. c3 Nf6 5. d4 exd4 6. cxd4 Bb4+ 7. Bd2 Bxd2+
8. Nbxd2 d5 9. exd5 Nxd5 10. Qb3 Nce7 11. O-O O-O 12. Rfe1 Nb6 13. Bd3 Ned5 14.
Qc2 h6 15. a3 a5 16. Nb3 c6 17. Nc5 Nf4 18. Ne5 Nxd3 19. Qxd3 Nd5 20. Qf3 Nc7
21. Rad1 Qd5 22. Qc3 Ne6 23. Nf3 Nf4 24. Re5 Qxe5 25. Nxe5 Ne2+ 26. Kf1 Nxc3
27. bxc3 Re8 28. Rb1 f6 29. Nc4 b5 30. Ne3 Rb8 31. Ke2 Kf7 32. Rb2 Be6 33. Kd2
g5 34. g3 Re7 35. Rb1 Rbe8 36. Re1 Bc8 37. Kd3 Kg6 38. Kd2 Bg4 39. f4 gxf4 40.
gxf4 Bf3 41. Rg1+ Kh7 42. Re1 Bd5 43. Kd3 Bc4+ 44. Kd2 Kh8 45. f5 h5 46. Nd3
Bxd3 47. Kxd3 Kh7 48. Re2 Re4 49. Kd2 Rh4 50. Rf2 Rh3 51. Nf1 Re4 52. Ng3 Reh4
53. Nf1 b4 54. axb4 axb4 55. cxb4 Rxd4+ 56. Kc2 Rc4+ 57. Kd2 Rxb4 0-1

[Event "Superettan(Vasteras II-Orgryte)"]
[Site "?"]
[Date "2019.10.18"]
[Round "1"]
[White "Le, Quang Long"]
[Black "Landgren, Andreas"]
[Result "1-0"]
[WhiteElo "2415"]
[BlackElo "2255"]
[PlyCount "119"]
[SourceDate "2019.10.27"]
1. c4 c5 2. g3 Nc6 3. Bg2 g6 4. Nh3 Bg7 5. Nf4 e6 6. Nc3 Nge7 7. O-O b6 8. a3
Bb7 9. b4 d6 10. Bb2 Qd7 11. Rb1 O-O 12. Ne4 e5 13. Nd5 Nxd5 14. cxd5 Ne7 15.
Nc3 f5 16. d3 Rae8 17. Qb3 Kh8 18. a4 f4 19. a5 Nf5 20. Ne4 cxb4 21. Ra1 Qb5
22. Qc4 Qxd5 23. Qxb4 fxg3 24. hxg3 b5 25. Bf3 Rb8 26. a6 Ba8 27. Ng5 Qg8 28.
Bxa8 Rxa8 29. e4 h6 30. Nh3 Nd4 31. Bxd4 exd4 32. Qxd6 Qf7 33. Nf4 Kh7 34. Qd5
Qxd5 35. Nxd5 Rf3 36. Ra3 g5 37. Kg2 Raf8 38. Ne7 R3f6 39. Ra5 Rb8 40. Rb1 Bf8
41. Nd5 Rc6 42. Raxb5 Rxb5 43. Rxb5 Rxa6 44. Rb7+ Kg6 45. f4 gxf4 46. gxf4 Ra3
47. f5+ Kg5 48. Rf7 Bd6 49. Rg7+ Kh4 50. f6 Rxd3 51. f7 a5 52. e5 Rd2+ 53. Kf3
Bc5 54. Rg4+ Kh3 55. Nf4+ Kh2 56. Rh4+ Kg1 57. Ne2+ Rxe2 58. Kxe2 a4 59. Rxd4
a3 60. Ra4 1-0

[Event "Superettan(Alingsas-Rockaden,Umea)"]
[Site "?"]
[Date "2019.10.18"]
[Round "1"]
[White "Wickstrom, Lucas"]
[Black "Agrest, Evgenij"]
[Result "1/2-1/2"]
[WhiteElo "2337"]
[BlackElo "2583"]
[PlyCount "73"]
[EventDate "2019.??.??"]
1. d4 Nf6 2. c4 e6 3. Nf3 d5 4. Nc3 c6 5. cxd5 exd5 6. Bg5 h6 7. Bh4 Bf5 8. Qb3
g5 9. Bg3 Qb6 10. Qxb6 axb6 11. e3 b5 12. Nd2 Nbd7 13. f3 Bb4 14. Be2 O-O 15.
a3 Rfe8 16. Kf2 Bf8 17. h3 Nb6 18. Rhe1 Bg6 19. Bf1 Nc4 20. Bxc4 dxc4 21. e4
Red8 22. Be5 Nd7 23. Bc7 Rdc8 24. Bh2 Nb6 25. Nf1 Bg7 26. Rad1 c5 27. dxc5 Bxc3
28. bxc3 Na4 29. Ne3 Nb2 30. Nd5 Nxd1+ 31. Rxd1 Kh7 32. Nb6 Rd8 33. Rd6 Rab8
34. Nd7 Ra8 35. Nb6 Rab8 36. Nd7 Ra8 37. Nb6 1/2-1/2

[Event "Superettan(Vasteras II-Orgryte)"]
[Site "?"]
[Date "2019.10.18"]
[Round "1"]
[White "Janse, Love"]
[Black "Frisk Kockum, Anton"]
[Result "0-1"]
[WhiteElo "2237"]
[BlackElo "2366"]
[PlyCount "110"]
1. e4 e6 2. d3 d5 3. Qe2 Be7 4. Nf3 Nf6 5. g3 c5 6. Bg2 Nc6 7. O-O b6 8. e5 Nd7
9. c4 Nf8 10. Nc3 Bb7 11. Re1 g5 12. h3 h5 13. Nb5 g4 14. hxg4 hxg4 15. Nh2 a6
16. cxd5 exd5 17. Nd6+ Bxd6 18. exd6+ Ne6 19. Bxd5 Ncd4 20. Qe5 Bxd5 21. Qxd5
Rxh2 22. d7+ Kf8 23. Kxh2 Nf3+ 24. Kh1 Kg7 25. Re5 Qh8+ 26. Rh5 Neg5 27. Qxg5+
Nxg5 28. Rxh8 Rxh8+ 29. Kg2 Nf3 30. Bh6+ Kg6 31. Rh1 Rd8 32. Bf4 Rxd7 33. Rh6+
Kf5 34. Rxb6 Rxd3 35. Rd6 Ke4 36. Kf1 Rxd6 37. Bxd6 c4 38. Ke2 f5 39. Bc5 Ne5
40. Bb4 Nd3 41. Bc3 Nc1+ 42. Kd2 Nxa2 43. Bg7 Nb4 44. Ke2 Nd3 45. Bc3 Nc1+ 46.
Kd2 Nb3+ 47. Ke2 a5 48. Bg7 a4 49. Bf6 Nd4+ 50. Kd2 Nb5 51. Be7 Kf3 52. Bc5 c3+
53. bxc3 a3 54. Kc2 a2 55. Kb2 Nxc3 0-1

[Event "Superettan(Alingsas-Rockaden,Umea)"]
[Site "?"]
[Date "2019.10.18"]
[Round "1"]
[White "Winsnes, Rikard"]
[Black "Malmstig, Erik"]
[Result "1/2-1/2"]
[WhiteElo "2375"]
[BlackElo "2257"]
[PlyCount "52"]
[EventDate "2019.??.??"]
1. e4 c5 2. Nf3 e6 3. d4 cxd4 4. Nxd4 Nf6 5. Nc3 d6 6. g4 h6 7. h4 Nc6 8. Rg1
Nd7 9. g5 Nxd4 10. Qxd4 Ne5 11. Be2 hxg5 12. hxg5 Bd7 13. Be3 Qa5 14. f4 Nc6
15. Qd2 O-O-O 16. g6 fxg6 17. O-O-O Rh2 18. Rg5 e5 19. Rxg6 Kb8 20. a3 Be8 21.
Rg5 g6 22. Rgg1 Bg7 23. Nd5 Qa4 24. Nc3 Qa5 25. Nd5 Qa4 26. Nc3 Qa5 1/2-1/2

[Event "Superettan(Vasteras II-Orgryte)"]
[Site "?"]
[Date "2019.10.18"]
[Round "1"]
[White "Torngren, Gustav"]
[Black "Nordebrink, Johan"]
[Result "1-0"]
[WhiteElo "2227"]
[BlackElo "2117"]
[PlyCount "105"]
1. c4 Nf6 2. Nf3 e6 3. b3 d5 4. Bb2 c5 5. e3 Nc6 6. cxd5 exd5 7. d4 cxd4 8.
Nxd4 Bb4+ 9. Bc3 Qa5 10. Bxb4 Qxb4+ 11. Qd2 Nxd4 12. exd4 Qxd2+ 13. Nxd2 O-O
14. Be2 Re8 15. f3 Bf5 16. Kf2 Rac8 17. Rhc1 Rxc1 18. Rxc1 Rc8 19. Rxc8+ Bxc8
20. h4 Kf8 21. g4 Ke7 22. Nf1 h5 23. g5 Ng8 24. Ne3 Kd6 25. f4 g6 26. f5 Ne7
27. fxg6 fxg6 28. Bd3 Bd7 29. Kf3 Be8 30. Ng2 a5 31. Nf4 b5 32. a3 Nc6 33. Ke3
Ne7 34. Bc2 Bf7 35. Kd2 Kc6 36. Nd3 Kd6 37. Ne5 Be8 38. Ke3 Ke6 39. Kf4 Kd6 40.
Bb1 Ke6 41. Bd3 Kd6 42. Bc2 Ke6 43. Bb1 Kd6 44. Bd3 Ke6 45. Bf1 Kd6 46. Bd3 Ke6
47. Bb1 Kd6 48. Bc2 Ke6 49. Nd3 Nc6 50. Nc5+ Ke7 51. Ke3 Nd8 52. Nd3 Kf7 53.
Nf4 1-0